Statistics for Sexy And I Know It - LMFAO - All Lyrics

Click here to take the quiz!

General Stats

  • This quiz has been taken 44 times
  • The average score is 279 of 398

Answer Stats

Answer% Correct
a
100%
I
97%
I-I-I
97%
it,
97%
it
97%
sexy
97%
and
94%
And
94%
know
94%
I’m
85%
I'm
85%
(Ay)
82%
Ay,
82%
(Ah)
79%
the
79%
at
76%
is
76%
go
74%
out,
74%
out
74%
outta
74%
this
74%
This
74%
When
74%
when
74%
Do
71%
do
71%
Girl,
71%
in
71%
look
71%
my
71%
that
71%
to
71%
walk
71%
yeah
71%
Yeah,
71%
Yeah
71%
yeah,
71%
(Yeah)
71%
be
68%
body
68%
by,
68%
he
68%
on
68%
on,
68%
what
68%
(What)
68%
me
65%
pants
65%
see
65%
girls
62%
how
62%
like,
62%
like
62%
Show
62%
show
62%
work
62%
afraid
59%
ain't
59%
Everybody
59%
got
59%
looking
59%
roll,
59%
staring
59%
stops
59%
wig-,
59%
wiggle,
59%
Wiggle,
59%
fly"
56%
passion
56%
It’s
53%
it's
53%
no
53%
No
53%
beach,
50%
"Damn,
50%
animal
47%
speedo
47%
spot
47%
street
47%
bar,
44%
control
44%
get
44%
service,
44%
shirt,
44%
shoes,
44%
still
44%
We
44%
with
44%
all
41%
cheeks
41%
print,
41%
walking
41%
beat,
38%
big
38%
Bruce
38%
down
38%
new
38%
tan
38%
trying
38%
can't
35%
come
35%
'em
35%
man
35%
afro
32%
baby,
32%
just
32%
LaFreak
32%
Redfoo
32%
check
29%
Check
29%
don't
29%
ladies,
29%
pimp
29%
time
29%
mall,
26%
fight
24%
nervous
24%
watch
24%
headed
21%
security
21%
glow,
9%
Leroy,
9%

Score Distribution

Percentile by Number Answered

Percent of People with Each Score

Your Score History

You have not taken this quiz